The Never alone church / (Record no. 289)
[ view plain ]
| 000 -LEADER | |
|---|---|
| fixed length control field | 00880cam a22002532 4500 |
| 001 - CONTROL NUMBER | |
| control field | 0000000931 |
| 005 - DATE AND TIME OF LATEST TRANSACTION | |
| control field | 20151021151050.0 |
| 008 - FIXED-LENGTH DATA ELEMENTS--GENERAL INFORMATION | |
| fixed length control field | 070222s xx 000 0 eng d |
| 020 ## - INTERNATIONAL STANDARD BOOK NUMBER | |
| International Standard Book Number | 0842361804 : |
| Terms of availability | KES 490 |
| 040 ## - CATALOGING SOURCE | |
| Original cataloging agency | KABU |
| Transcribing agency | KABU |
| 050 #0 - LIBRARY OF CONGRESS CALL NUMBER | |
| Classification number | BV4817 |
| Item number | .F47 |
| 100 1# - MAIN ENTRY--PERSONAL NAME | |
| Personal name | Ferguson, David, |
| Dates associated with a name | 1947-. |
| -- | 0000159880 |
| 245 14 - TITLE STATEMENT | |
| Title | The Never alone church / |
| Statement of responsibility, etc. | David Ferguson. |
| 260 ## - PUBLICATION, DISTRIBUTION, ETC. (IMPRINT) | |
| Place of publication, distribution, etc. | Wheaton, lll. : |
| Name of publisher, distributor, etc. | Tyndale House, |
| Date of publication, distribution, etc. | 2002. |
| 300 ## - PHYSICAL DESCRIPTION | |
| Extent | viii, 295 p. ; |
| Dimensions | 23 cm. |
| 500 ## - GENERAL NOTE | |
| General note | Originally published, c1998 under title:The Great commandment principle. |
| 504 ## - BIBLIOGRAPHY, ETC. NOTE | |
| Bibliography, etc | Include bibliographical references(p.291-294) |
| 650 #0 - SUBJECT ADDED ENTRY--TOPICAL TERM | |
| Topical term or geographic name as entry element | God |
| General subdivision | Worship and love. |
| -- | 0000159881 |
| 650 #0 - SUBJECT ADDED ENTRY--TOPICAL TERM | |
| Topical term or geographic name as entry element | Love |
| General subdivision | Religious aspects |
| -- | Christianity. |
| -- | 0000157099 |
| 650 #0 - SUBJECT ADDED ENTRY--TOPICAL TERM | |
| Topical term or geographic name as entry element | Christianity life. |
| -- | 0000159882 |
| 908 ## - PUT COMMAND PARAMETER (RLIN) | |
| Put command parameter | 070222 |
| 950 ## - LOCAL HOLDINGS (RLIN) | |
| -- | 1 |
| Withdrawn status | Lost status | Source of classification or shelving scheme | Not for loan | Home library | Current library | Date acquired | Total Checkouts | Full call number | Barcode | Date last seen | Price effective from | Koha item type |
|---|---|---|---|---|---|---|---|---|---|---|---|---|
| Library of Congress Classification | Kabarak, Main Campus | Kabarak, Main Campus | 17/12/2015 | BV4817 .F47 | 000827 | 17/12/2015 | 17/12/2015 | General Collection | ||||
| Library of Congress Classification | Kabarak, Nakuru City Campus | Kabarak, Nakuru City Campus | 21/10/2015 | BV4817 .F47 c. 1 | 003023 | 21/10/2015 | 21/10/2015 | General Collection |